书目信息 |
| 题名: |
国土资源知识读本
|
|
| 作者: | ;国土资源部宣传中心 编著 | |
| 分册: | ||
| 出版信息: | 北京 中国大地出版社 1998.12 |
|
| 页数: | 570页 | |
| 开本: | 20cm | |
| 丛书名: | ||
| 单 册: | ||
| 中图分类: | F321.1 | |
| 科图分类: | ||
| 主题词: | 农业经济--中国 | |
| 电子资源: | ||
| ISBN: | 7-80097-286-0 | |
| 000 | 00641nam0 2200193 45 | |
| 001 | 0430414609 | |
| 005 | 2004061008265449 | |
| 010 | @a7-80097-286-0@dCNY 30.00 | |
| 100 | @a20040610d1998 km y0chiy0120 ea | |
| 101 | 0 | @achi |
| 102 | @aCN@b110000 | |
| 200 | 1 | @a国土资源知识读本@AGuo Tu Zi Yuan Zhi Shi Du Ben@f国土资源部宣传中心编著@FGuo Tu Zi Yuan Bu Xuan Chuan Zhong Xin Bian Zhu |
| 210 | @a北京@c中国大地出版社@d1998.12 | |
| 215 | @a570页@d20cm | |
| 606 | 0 | @a农业经济@x中国 |
| 690 | @aF321.1@v3 | |
| 711 | 0 | @a国土资源部宣传中心@AGuo Tu Zi Yuan Bu Xuan Chuan Zhong Xin@4编著 |
| 801 | 0 | @aCN@bPFT@c20040610 |
| 905 | @a安徽大学@dF321.1@eG945 | |
| 国土资源知识读本/国土资源部宣传中心编著.-北京:中国大地出版社,1998.12 |
| 570页;20cm |
| ISBN 7-80097-286-0:CNY 30.00 |
| ● |
| 相关链接 |
|
|
|
正题名:国土资源知识读本
索取号:F321.1/G945
 
预约/预借
| 序号 | 登录号 | 条形码 | 馆藏地/架位号 | 状态 | 备注 |
| 1 | 379329 | 203793298 | 社科库409/409社科库 33排2列1层/ [索取号:F321.1/G945] | 在馆 | |
| 2 | 379330 | 203793305 | 社科二线422/422社科库 17排2列6层/ [索取号:F321.1/G945] | 在馆 |